The cyclitols

Bibliographic Details
Main Author: Posternak, Theodore (Author)
Format: Book
Published: Paris : San Francisco : Hermann Holden-Day , c1965
Subjects:

MARC

LEADER 00000cam a2200000 7i4500
001 0000003574
005 20100818093000.0
008 021118s1965
050 0 0 |a QP702.C8   |b P613 1965 
060 1 0 |a QU 75   |b P857c 1965 
090 0 0 |a QU 75   |b P857c 1965 
100 1 |a Posternak, Theodore ,   |e author 
245 1 4 |a The cyclitols   |c Theodore Posternak 
260 2 |a Paris :   |b Hermann   |a San Francisco :   |b Holden-Day ,   |c c1965 
300 |a 431 p. ;   |c 25 cm. 
500 |a Includes references index 
500 |a Rev.ed. of original in French : Les cyclitols 
650 0 |a Cyclitols 
650 1 2 |a Inositol 
650 2 2 |a Cyclohexanes 
999 |a 1000032750   |b Book   |c OPEN SHELF (30 DAYS)   |e Medical Campus 
999 |a 1000032751   |b Book   |c OPEN SHELF (30 DAYS)   |e Medical Campus